Su espiritualidad

Saved in:
Bibliographic Details
Main Author: Lavín E., Álvaro (Author)
Format: Book
Language:Spanish
Published: Santiago S y P Ltda 1982
Edition:2a. ed
Series:Padre Hurtado - Apostol de Jesucristo, 2
Subjects:
Tags: Add Tag
No Tags, Be the first to tag this record!

MARC

LEADER 00000cam a2200000 a 4500
001 UCC6372
003 CL-VaPUC
008 181207e19820000cl |||||||||||||||||spa|d
082 0 4 |a 235.24  |b LAV  |2 21 
100 |a Lavín E., Álvaro  |e author  |9 581347 
245 1 0 |a Su espiritualidad 
250 |a 2a. ed 
300 |a 424 p 
942 |c BK 
945 |d 20181207 13:37:00  |a dcastane 
260 |a Santiago  |b S y P Ltda  |c 1982 
600 0 |a Hurtado Cruchaga, Alberto   |d 1901-1952  |9 309962 
650 7 |a FILOSOFIA POLITICA  |2 CL-VaPUC  |9 600799 
650 0 |a Filosofía social  |9 268191 
650 0 |a Sacerdotes   |9 315705 
650 7 |a CANONIZACION  |2 CL-VaPUC  |9 258734 
583 |a last modification  |c 20181207 13:37:00  |k Rodrigo Vera 
490 0 |a Padre Hurtado - Apostol de Jesucristo, 2 
999 |c 373321  |d 373319 
952 |0 0  |1 0  |3 erb  |4 0  |6 235_240000000000000_LAV_1982  |7 0  |8 A  |9 491391  |a BIBTEO  |b BIBTEO  |e Precht Pizarro, Jorge Enrique  |i 5521173  |o 235.24 LAV 1982  |p 5521173  |r 2025-01-17  |w 2019-11-24  |y BK  |z Catalogado en:20181207  |k ICR